000 00435nam a2200205Ia 4500
001 12299
003 GE_BSU
008 181216s||||||||xx |||||||||||||| ||und||
020 _a9780552149914
040 _cGE_BSU
080 _a821.111-312.4
100 _aSteel,Danielle
245 _aSale Harbour
260 _aLondon
260 _bCorgi books
260 _c2004
300 _a431p.18cm.
653 _aSale Harbour
942 _cBK
999 _c45474
_d45474